| 000 | 00850nam a2200277 i 4500 | ||
|---|---|---|---|
| 001 | 68158 | ||
| 003 | ES-MaACL | ||
| 005 | 20250815164341.0 | ||
| 007 | t| | ||
| 008 | 040610s1987 sp ||||1| spa d | ||
| 020 | _a84-86514-04-5 | ||
| 080 | _a1"19" | ||
| 080 | _a297 | ||
| 100 | 1 |
_aGaraudy, Roger. _953935 |
|
| 245 | 1 | 0 |
_aBiografía del siglo XX : _bel testamento filosófico de Roger Garaudy / _cRoger Garaudy ; [traducción de Carmen Ruiz Bravo]. |
| 260 |
_aMadrid : _bCantArabia, _c1987. |
||
| 300 |
_a364 p. ; _c20 cm. |
||
| 490 | 1 |
_aAlmoradú ; _v1 |
|
| 504 | _aBibliografía: p. 355-361. | ||
| 650 | 4 |
_aFilosofía- _yS.XX. _912826 |
|
| 650 | 7 |
_aIslamismo _2embne _913903 |
|
| 700 | 1 |
_aRuiz Bravo-Villasante, Carmen, _d1947- _9100675 |
|
| 830 | 1 |
_aAlmoradú ; _v1 _9183221 |
|
| 852 | 4 |
_aES-MaACL _jL-11688 |
|
| 999 |
_c68158 _d68158 |
||